| 000 | 00383cam a2200133ua 4500 | ||
|---|---|---|---|
| 082 |
_a510 _bHAR/TE |
||
| 100 |
_aHariharakrishnan, A. _91696 |
||
| 245 | _aText book of Mathematics for Polytechnic and other Proffessional Courses / | ||
| 250 | _a1 / | ||
| 260 |
_aTrichur : _bPulikkottil Publishing House , _c1966. |
||
| 300 | _a444 ; . | ||
| 700 | 1 |
_aPareed, P. V. _91697 |
|
| 942 | _cBK | ||
| 999 |
_c9436 _d9436 |
||